000 00747nam a2200181Ia 4500
008 100921s9999 xx 000 0 und d
082 _b33367
_a294.563 न 01
100 _aघैसास दिवाकर अनंत.
245 _aदैनंदिन तुकाराम गाथा.
260 _bमनोरमा प्रकाशन,मुंबई.
_c2001
300 _a372
_bजयेश एजन्सी,पुणे.
365 _b150
520 _aधर्म-संत संहित्य.
630 _aदैनंदिन तुकाराम गाथा.
650 _aधर्म-संत संहित्य.
730 _aदैनंदिन तुकाराम गाथा.
942 _cBOOK
999 _c782480
_d782477